000 00282nam a2200121Ia 4500
008 191201s2008 xx 000 0 und d
100 _aSAXENA, Sanjay
245 0 _aM S Office 2000
260 _aN. delhi
_bVikas Pub
_c2008
300 _aMise
650 _aB.Tech(CSE)
942 _2ddc
_cBK
999 _c302
_d302